Jetpunk Polska - Postaw na Milion (Edycja #1) - Statystyki

Ogólne statystyki
  • Ten quiz został rozwiązany 50 razy
  • Średni wynik to 6 z 14
Statystyki odpowiedzi
Zagadnienie Odpowiedź % Poprawnych
Który z programów nie należy do firmy Microsoft? PyCharm
72%
Jaka reprezentacja zdobyła srebrny medal na mundialu w piłce nożnej w 1962r? Czechosłowacja
69%
Który prezydent USA żył najdłużej po zakończeniu swojej prezydentury? Jimmy Carter
49%
Jaka jest szerokość bramki w piłce nożej? 7,32 m
46%
W którym państwie zapłacisz lekami? Albania
46%
Jakie zwierzę jest symbolem Kampinowskiego PN? łoś
46%
Podczas jakiej wojny odbyła się bitwa pod Gorlicami? Podczas I wojny światowej
44%
Jak na drugie imię ma Kuba Wojewódzki? Władysław
44%
Który dyktator Kuby został obalony w wyniku rewolucji kubańskiej? Fulgencio Batista
41%
Uznając niepodległość Kosowa, z jakim państwem Serbia ma najdłuższą granicę? z Rumunią
41%
"Mój buraczku, mój czerwony, czyżbyś nie chciał takiej żony?" Kto w ten sposób oswiadcza się w wierszu Jana Brzechwy "Na straganie"? cebula
31%
Jaki jest wzór sumaruczny propanolu? C 3 H7 OH
26%
W którym mieście została uchwalona konstytucja Nihil Novi? Radom
26%
Gdzie poznał się George H. W. Bush z Barbarą Pierce? w marynarce wojennej
23%
Nie znaleziono quizów pasujących do podanych kryteriów
Rozkład punktacji
Procent ludzi z każdym wynikiem
Percentyl według liczby udzielonych odpowiedzi
Twoja historia wyników
Nie rozwiązałeś tego quizu